00755nam a22002057a 4500003000500000005001700005008004100022010001000063011001000073035001100083040000900094100003000103245015000133260004000283300004300323502008300366650003000449650002600479650004400505CHAP20220817044315.0100118s2009 mx r 00010 spa d a97301 a98273 a108957 cCHAP1 aSoto Ortega, Laura Lizett10aEstudio geoespacial para determinar áreas de distribución potencial de especies forestales en la sierra nevadac/por Laura Lizett Soto Ortega aChapingo, Méx. :bEl autor,c2009 axv, 113 h. :bilus., cuadros, gráfs. aTesis (M.C. en Ciencias Forestales) -- UACH. División de Ciencias Forestales04aBosquesxClasificación.04aBosquesxInventarios.14aSistemas de Información Geográfica.